<?xml version="1.0" encoding="UTF-8"?>
<record
    xmlns:xsi="http://www.w3.org/2001/XMLSchema-instance"
    xsi:schemaLocation="http://www.loc.gov/MARC21/slim http://www.loc.gov/standards/marcxml/schema/MARC21slim.xsd"
    xmlns="http://www.loc.gov/MARC21/slim">

  <leader>01572nam a22002297a 4500</leader>
  <controlfield tag="005">20120912164212.0</controlfield>
  <datafield tag="010" ind1=" " ind2=" ">
    <subfield code="a">B-472560-64</subfield>
  </datafield>
  <datafield tag="020" ind1=" " ind2=" ">
    <subfield code="c">120.00</subfield>
  </datafield>
  <datafield tag="035" ind1=" " ind2=" ">
    <subfield code="a">B-472560-64</subfield>
  </datafield>
  <datafield tag="037" ind1=" " ind2=" ">
    <subfield code="b">BPPD</subfield>
  </datafield>
  <datafield tag="100" ind1=" " ind2=" ">
    <subfield code="a">&#x645;&#x62D;&#x645;&#x62F; &#x62D;&#x633;&#x64A;&#x628; &#x642;&#x627; &#x62F; &#x631; &#x6CC;-&#x645;&#x62D;&#x645;&#x62F; &#x648; &#x627; &#x635;&#x641; &#x686;&#x634;&#x62A;&#x6CC; </subfield>
    <subfield code="9">52553</subfield>
  </datafield>
  <datafield tag="245" ind1=" " ind2=" ">
    <subfield code="a">&#x631; &#x648; &#x62D;&#x627; &#x646;&#x6CC; &#x628;&#x64A;&#x645;&#x627; &#x631; &#x64A;&#x648; &#x646; &#x6A9;&#x627; &#x642;&#x631; &#x622; &#x646;&#x6CC; &#x639;&#x644;&#x627; &#x62C;</subfield>
    <subfield code="c">&#x645;&#x62D;&#x645;&#x62F;  &#x62D;&#x633;&#x64A;&#x628; &#x642;&#x627; &#x62F; &#x631; &#x6CC;-&#x645;&#x62D;&#x645;&#x62F; &#x648; &#x627; &#x635;&#x641; &#x686;&#x634;&#x62A;&#x6CC; </subfield>
  </datafield>
  <datafield tag="246" ind1=" " ind2=" ">
    <subfield code="a">Roohani Bimariyon Ka Qurani Ilaaj</subfield>
    <subfield code="b">By Muhm.Haseeb Qadri and Muhd.Wasif Chishti</subfield>
  </datafield>
  <datafield tag="260" ind1=" " ind2=" ">
    <subfield code="a">3004/2 &#x633;&#x631; &#x633;&#x64A;&#x62F; &#x627; &#x62D;&#x645;&#x62F; &#x631; &#x648;&#x688;&#x60C;&#x62F;&#x631; &#x64A;&#x627; &#x6AF;&#x646;&#x686;&#x60C;&#x646;&#x626; &#x62F;&#x6BE;&#x644;&#x6CC;   </subfield>
    <subfield code="b">&#x627; &#x644;&#x62D;&#x633;&#x646;&#x627; &#x62A; &#x628;&#x6A9;&#x633; &#x67E;&#x631; &#x627; &#x626;&#x64A;&#x648; &#x64A;&#x679; &#x644;&#x645;&#x64A;&#x679;&#x64A;&#x688;</subfield>
    <subfield code="c">2011</subfield>
  </datafield>
  <datafield tag="300" ind1=" " ind2=" ">
    <subfield code="a">160 &#x635;</subfield>
    <subfield code="c">22 Cm.(P.b)     </subfield>
  </datafield>
  <datafield tag="942" ind1=" " ind2=" ">
    <subfield code="2">ddc</subfield>
    <subfield code="c">UR</subfield>
    <subfield code="h">270</subfield>
    <subfield code="m">&#x645; &#x62D; &#x645;</subfield>
  </datafield>
  <datafield tag="999" ind1=" " ind2=" ">
    <subfield code="c">70222</subfield>
    <subfield code="d">70222</subfield>
  </datafield>
  <datafield tag="952" ind1=" " ind2=" ">
    <subfield code="0">0</subfield>
    <subfield code="1">0</subfield>
    <subfield code="4">0</subfield>
    <subfield code="7">0</subfield>
    <subfield code="8">NFIC</subfield>
    <subfield code="a">L</subfield>
    <subfield code="b">L</subfield>
    <subfield code="d">2012-09-24</subfield>
    <subfield code="e">R.B.C/7/20-03-12/28329/23-03-12/30-03-12</subfield>
    <subfield code="g">120.00</subfield>
    <subfield code="l">0</subfield>
    <subfield code="o">270 &#x645; &#x62D; &#x645;</subfield>
    <subfield code="p"> B-472560</subfield>
    <subfield code="r">2012-09-24 00:00:00</subfield>
    <subfield code="t">1</subfield>
    <subfield code="v">120.00</subfield>
    <subfield code="w">2012-09-24</subfield>
    <subfield code="y">UR</subfield>
  </datafield>
  <datafield tag="952" ind1=" " ind2=" ">
    <subfield code="0">0</subfield>
    <subfield code="1">0</subfield>
    <subfield code="4">0</subfield>
    <subfield code="7">0</subfield>
    <subfield code="8">NFIC</subfield>
    <subfield code="a">M</subfield>
    <subfield code="b">M</subfield>
    <subfield code="d">2012-09-24</subfield>
    <subfield code="e">R.B.C/7/20-03-12/28329/23-03-12/30-03-12</subfield>
    <subfield code="g">120.00</subfield>
    <subfield code="l">0</subfield>
    <subfield code="o">270 &#x645; &#x62D; &#x645;</subfield>
    <subfield code="p"> B-472561</subfield>
    <subfield code="r">2012-09-24 00:00:00</subfield>
    <subfield code="t">1</subfield>
    <subfield code="v">120.00</subfield>
    <subfield code="w">2012-09-24</subfield>
    <subfield code="y">UR</subfield>
  </datafield>
  <datafield tag="952" ind1=" " ind2=" ">
    <subfield code="0">0</subfield>
    <subfield code="1">0</subfield>
    <subfield code="4">0</subfield>
    <subfield code="7">0</subfield>
    <subfield code="8">NFIC</subfield>
    <subfield code="a">BL1</subfield>
    <subfield code="b">BL1</subfield>
    <subfield code="d">2012-09-24</subfield>
    <subfield code="e">R.B.C/7/20-03-12/28329/23-03-12/30-03-12</subfield>
    <subfield code="g">120.00</subfield>
    <subfield code="l">0</subfield>
    <subfield code="o">270 &#x645; &#x62D; &#x645;</subfield>
    <subfield code="p"> B-472562</subfield>
    <subfield code="r">2012-09-24 00:00:00</subfield>
    <subfield code="t">1</subfield>
    <subfield code="v">120.00</subfield>
    <subfield code="w">2012-09-24</subfield>
    <subfield code="y">UR</subfield>
  </datafield>
  <datafield tag="952" ind1=" " ind2=" ">
    <subfield code="0">0</subfield>
    <subfield code="1">0</subfield>
    <subfield code="4">0</subfield>
    <subfield code="7">0</subfield>
    <subfield code="8">NFIC</subfield>
    <subfield code="a">BL3</subfield>
    <subfield code="b">BL3</subfield>
    <subfield code="d">2012-09-24</subfield>
    <subfield code="e">R.B.C/7/20-03-12/28329/23-03-12/30-03-12</subfield>
    <subfield code="g">120.00</subfield>
    <subfield code="l">0</subfield>
    <subfield code="o">270 &#x645; &#x62D; &#x645;</subfield>
    <subfield code="p">B-472564</subfield>
    <subfield code="r">2012-09-24 00:00:00</subfield>
    <subfield code="t">1</subfield>
    <subfield code="v">120.00</subfield>
    <subfield code="y">UR</subfield>
  </datafield>
  <datafield tag="952" ind1=" " ind2=" ">
    <subfield code="0">0</subfield>
    <subfield code="1">0</subfield>
    <subfield code="4">0</subfield>
    <subfield code="7">0</subfield>
    <subfield code="8">NFIC</subfield>
    <subfield code="a">ZLS</subfield>
    <subfield code="b">ZLS</subfield>
    <subfield code="d">2012-09-24</subfield>
    <subfield code="e">R.B.C/7/20-03-12/28329/23-03-12/30-03-12</subfield>
    <subfield code="g">120.00</subfield>
    <subfield code="l">0</subfield>
    <subfield code="o">270 &#x645; &#x62D; &#x645;</subfield>
    <subfield code="p">B-472563</subfield>
    <subfield code="r">2012-09-24 00:00:00</subfield>
    <subfield code="t">1</subfield>
    <subfield code="v">120.00</subfield>
    <subfield code="w">2012-09-24</subfield>
    <subfield code="y">UR</subfield>
  </datafield>
</record>
